| 000 | 01160nam a22003257a 4500 | ||
|---|---|---|---|
| 003 | CHAP | ||
| 005 | 20220329134932.0 | ||
| 008 | 971013s1985 r 00010 d | ||
| 010 | _a28335 | ||
| 011 | _a29307 | ||
| 035 | _a33418 | ||
| 040 | _cCHAP | ||
| 082 |
_a312.725 _bC62 |
||
| 110 |
_aMéxico. Consejo Nacional de Población _976888 |
||
| 245 | _aEstudio sociodemográfico del Estado de México | ||
| 260 |
_aMéxico, D.F. : _bEl Colegio, _c1985 |
||
| 300 |
_a206 p. _b: ilus. |
||
| 590 |
_aBATCH-UPD _b10 _c20130110 _lUCH01 _h1228 |
||
| 590 |
_aBATCH-UPD _b10 _c20130410 _lUCH01 _h0759 |
||
| 590 |
_aBATCH-UPD _b10 _c20130914 _lUCH01 _h1826 |
||
| 590 |
_aCONVERSION _b10 _c20130109 _lUCH01 _h1316 |
||
| 650 | 1 | 4 |
_aMéxico (Edo.) _xCondiciones económicas. _976824 |
| 650 | 1 | 4 |
_aMéxico (Edo.) _xCondiciones sociales. _976825 |
| 650 | 1 | 4 |
_aPoblación _zMéxico (Edo.). _989428 |
| 901 | _aBK | ||
| 942 | _cLIBRO | ||
| 949 |
_a312.725 C62 _bBC _cLIBRO _d33724000303566 _eLIBRO _h69520 _i33418 _mD _si |
||
| 949 |
_a312.725 C62 _bBC _cLIBRO _d33724000303574 _eLIBRO _fc.2 _h69521 _i33418 _si |
||
| 949 |
_a312.725 C62 _bBC _cLIBRO _d33724000303582 _eLIBRO _fc.3 _h81203 _i33418 _si |
||
| 999 |
_c28335 _d28335 |
||